LEADER 01281nam a2200253 u 4500 001 000000035086 003 CaOOAMICUS 005 20070226112539.0 008 980218s1868 it u000 u ita u 035 $a10783182 040 $aPUL(R)$bita 100 1 $aSarnelli, Vincenzo Maria,$cvesc. di Castellammare di Stabia,$d1835-$0(OLS)http://pul/name/26938 245 12$aL'autonomia della Chiesa :$bstudi di preparazione ad un corso di diritto pubblico ecclesiastico /$cper Vincenzo M. Sarnelli .. 250 $a2. ed. 260 $aNapoli :$bco'tipi di Vincenzo Manfredi,$c1868. 300 $avi, 257 p. ;$c23 cm 650 4$aDiritto pubblico ecclesiastico.$0(OLS)http://pul/subject/1804 850 $aPUL 852 $aPUL$W1$xDP1 Antico 800$y27$m147 E 4$j48054$nBK-PRI$b $qStampati Antico$B48054$CPULBib$Z2$F48054 $H $81 852 $aPUL$W1$xDP1 Antico 800$y27$m149 A 23$j48055$nBK-PRI$b $qStampati Antico$B48055$CPULBib$Z2$F48055 $H $81 941 1 $a15 961 $aINV: 1166 996 $6245$aL'autonomia della Chiesa :$bstudi di preparazione ad un corso di diritto pubblico ecclesiastico$9(OLS)http://pul/title/48301 996 $6260$aNapoli :$bco'tipi di Vincenzo Manfredi$9(OLS)http://pul/publisher/62332 LEADER 00848naa a2200229 u 4500 001 000000093499 003 CaOOAMICUS 005 20070226130134.0 008 010705s1952 fr u000 u eng u 035 $a10896155 040 $aPUL(R)$bita 100 1 $aHug, Walther.$0(OLS)http://pul/name/56802 245 14$aThe law of international payments /$cby Walther Hug. 260 $a[S. l. :$bs. n.],$c1952. 300 $aP. [511-712] 504 $aBibliografia in nota. 650 4$aDiritto internazionale.$0(OLS)http://pul/subject/2505 650 4$aDiritto commerciale internazionale.$0(OLS)http://pul/subject/25158 773 0 $tRecueil des cours$gv.II (1951) 773 0 $tRecueil des cours 1951$w()59826 996 $6245$aThe law of international payments$9(OLS)http://pul/title/120362 996 $6260$a[S. l. :$bs. n.]$9(OLS)http://pul/publisher/47882